[Event "17. Europa ch Juvenil - Femenino s16"]
[Site "Sibenik CRO"]
[Date "2007.09.16"]
[Round "3.12"]
[White "Orehek, Spela"]
[Black "Eric, Jovana"]
[Result "0-1"]
[WhiteElo "1847"]
[BlackElo "2041"]
[PlyCount "174"]
[EventDate "2007.09.14"]
[EventType "swiss"]
[EventRounds "9"]
[EventCountry "CRO"]
[Source "lmi"]
[SourceDate "2007.09.14"]

1. e4 c5 2. c3 e5 3. Nf3 Nc6 4. Bc4 Qc7 5. Ng5 Nd8 6. O-O h6 7. Nf3 Nf6 8. d3
Be7 9. h3 d6 10. Be3 O-O 11. Nbd2 a6 12. Nh2 b5 13. Bb3 Be6 14. Qe2 d5 15. f4
dxe4 16. fxe5 exd3 17. Qf3 Qxe5 18. Bf4 Bd5 19. Bxe5 Bxf3 20. Nhxf3 c4 21. Bd1
Nd5 22. b3 Bc5+ 23. Kh1 f6 24. Bd4 Rc8 25. Ne4 Ne6 26. Bxc5 Nxc5 27. bxc4 Nxe4
28. cxd5 Ng3+ 29. Kg1 Nxf1 30. Kxf1 Rxc3 31. Bb3 Rfc8 32. Ke1 a5 33. Nd4 a4 34.
Bd1 R3c5 35. Bf3 Rd8 36. Kd2 b4 37. Nc6 Rc2+ 38. Ke3 Re8+ 39. Kxd3 Rc3+ 40. Kd4
Rc2 41. Nxb4 Rb2 42. Nc6 Kf8 43. d6 Rd2+ 44. Kc5 Re6 45. Rd1 Rexd6 46. Rxd2
Rxd2 47. Nb4 g5 48. Kb5 a3 49. Ka4 f5 50. Kxa3 g4 51. hxg4 fxg4 52. Be4 h5 53.
Nd5 Rd4 54. Nc3 h4 55. Bf5 Rf4 56. Be6 Rf2 57. Bd5 h3 58. gxh3 gxh3 59. Ne4
Rf3+ 60. Kb4 h2 61. Nd2 h1=Q 62. Bxf3 Qe1 63. Kc3 Ke7 64. a4 Qc1+ 65. Kd3 Qa3+
66. Kd4 Qxa4+ 67. Nc4 Kf6 68. Bd5 Qa7+ 69. Kd3 Qc5 70. Ke4 Qb4 71. Kd4 Kf5 72.
Be4+ Kf4 73. Bd5 Qa4 74. Kc3 Qa1+ 75. Kd3 Qd1+ 76. Nd2 Kg3 77. Bf3 Qc1 78. Be4
Kf2 79. Bd5 Qa3+ 80. Nb3 Ke1 81. Bc4 Kd1 82. Bd5 Qd6 83. Kc4 Qa6+ 84. Kd4 Kc2
85. Nc5 Qa1+ 86. Ke4 Qe1+ 87. Kf3 Qh1+ 0-1

[Event "17. Europa ch Juvenil - Femenino s16"]
[Site "Sibenik CRO"]
[Date "2007.09.16"]
[Round "3.13"]
[White "Mammadova, Gulnar"]
[Black "Karapetyan, Lusine"]
[Result "1-0"]
[WhiteElo "2217"]
[BlackElo "1949"]
[PlyCount "57"]
[EventDate "2007.09.14"]
[EventType "swiss"]
[EventRounds "9"]
[EventCountry "CRO"]
[Source "lmi"]
[SourceDate "2007.09.14"]

1. e4 c5 2. Nc3 a6 3. a4 e6 4. g3 b6 5. Bg2 Bb7 6. Nge2 Nf6 7. O-O Be7 8. Nf4
Qc7 9. b3 Nc6 10. Nce2 O-O 11. Bb2 b5 12. e5 Ng4 13. axb5 axb5 14. d4 cxd4 15.
Nxd4 Rxa1 16. Bxa1 Ngxe5 17. Nxb5 Qb8 18. Re1 d5 19. Qe2 Ba6 20. c4 dxc4 21.
Bxc6 Nxc6 22. bxc4 Rc8 23. Nh5 g6 24. Nf6+ Bxf6 25. Bxf6 Qb6 26. Qd2 Qc5 27.
Nd6 Qh5 28. Nxc8 Bxc8 29. Rd1 1-0

[Event "17. Europa ch Juvenil - Femenino s16"]
[Site "Sibenik CRO"]
[Date "2007.09.16"]
[Round "3.15"]
[White "Grigorian, Marine"]
[Black "Sikorska, Dorota"]
[Result "0-1"]
[WhiteElo "2087"]
[BlackElo "1915"]
[PlyCount "72"]
[EventDate "2007.09.14"]
[EventType "swiss"]
[EventRounds "9"]
[EventCountry "CRO"]
[Source "lmi"]
[SourceDate "2007.09.14"]

1. e4 e6 2. d3 d5 3. Qe2 dxe4 4. dxe4 Nf6 5. e5 Nd5 6. c4 Nb6 7. Nc3 Nc6 8. Nf3
Bc5 9. Qe4 Bd7 10. Bd3 Qe7 11. O-O O-O-O 12. a3 a5 13. Bd2 h6 14. Rfb1 f5 15.
Qe2 g5 16. Nb5 g4 17. Ne1 Qg7 18. b4 Bd4 19. Nxd4 Nxd4 20. Qe3 Bc6 21. Bc3 Nf3+
22. gxf3 gxf3+ 23. Kf1 Rhg8 24. Nxf3 Qg2+ 25. Ke1 f4 26. Bf1 fxe3 27. Bxg2 Rxg2
28. Nd4 exf2+ 29. Ke2 Rf8 30. Rf1 Be8 31. c5 Nd5 32. Bd2 Bh5+ 33. Kd3 Rxh2 34.
Nxe6 Rf3+ 35. Kc4 c6 36. Nd4 Rh4 0-1

[Event "17. Europa ch Juvenil - Femenino s16"]
[Site "Sibenik CRO"]
[Date "2007.09.16"]
[Round "3.16"]
[White "Gvilava, Maya"]
[Black "Khanamiryan, Ani"]
[Result "1-0"]
[WhiteElo "2046"]
[BlackElo "1877"]
[PlyCount "85"]
[EventDate "2007.09.14"]
[EventType "swiss"]
[EventRounds "9"]
[EventCountry "CRO"]
[Source "lmi"]
[SourceDate "2007.09.14"]

1. e4 Nf6 2. e5 Nd5 3. d4 d6 4. c4 Nb6 5. exd6 exd6 6. Nf3 Bg4 7. h3 Bh5 8. Be3
Nc6 9. Nbd2 Be7 10. Be2 O-O 11. O-O d5 12. c5 Nd7 13. Qb3 Bxf3 14. Nxf3 b6 15.
Qxd5 Nb4 16. Qc4 bxc5 17. dxc5 a5 18. Rfd1 Qc8 19. a3 Na6 20. c6 Nf6 21. Qb5
Nb8 22. Qb7 Na6 23. Rac1 Ne4 24. Qxc8 Rfxc8 25. Rd5 Nac5 26. Bxc5 Nxc5 27.
Rcxc5 Bxc5 28. Rxc5 Rab8 29. Ba6 Re8 30. Bb7 a4 31. Ne5 f6 32. Nd7 Re1+ 33. Kh2
Rbe8 34. Ba6 h6 35. Bc4+ Kh8 36. Kg3 Rb1 37. Rb5 Rc1 38. Bd5 Rd1 39. Bf3 Rd8
40. Rb7 Rc8 41. Bg4 Rd3+ 42. f3 Rb3 43. Nc5 1-0

[Event "17. Europa ch Juvenil - Femenino s16"]
[Site "Sibenik CRO"]
[Date "2007.09.16"]
[Round "3.17"]
[White "Fernandez, Laura"]
[Black "Motycakova, Monika"]
[Result "1/2-1/2"]
[WhiteElo "2036"]
[BlackElo "1852"]
[PlyCount "78"]
[EventDate "2007.09.14"]
[EventType "swiss"]
[EventRounds "9"]
[EventCountry "CRO"]
[Source "lmi"]
[SourceDate "2007.09.14"]

1. e4 e5 2. Nf3 Nc6 3. Bc4 Nf6 4. d3 Bc5 5. c3 d6 6. Bb3 a5 7. Nbd2 b5 8. a4 b4
9. O-O O-O 10. h3 Be6 11. Re1 Ba7 12. Nc4 h6 13. Bd2 Nd7 14. Ba2 Rb8 15. Bc1
Qf6 16. Be3 Nc5 17. d4 exd4 18. cxd4 b3 19. d5 bxa2 20. dxe6 Qxe6 21. Qe2 Qxe4
22. Bxc5 Qxe2 23. Rxe2 Bxc5 24. Rxa2 Rfe8 25. Rd2 Rb4 26. Rc2 Re4 27. b3 Re6
28. Rc3 Bd4 29. Rd3 Bf6 30. Rc2 Rb7 31. Rc1 Nb4 32. Rd2 Ra7 33. Ne3 c6 34. Ng4
Rae7 35. Nxf6+ Rxf6 36. Nd4 d5 37. Rc5 Ra7 38. Re2 Kf8 39. g3 Ra6 1/2-1/2

[Event "17. Europa ch Juvenil - Femenino s16"]
[Site "Sibenik CRO"]
[Date "2007.09.16"]
[Round "3.20"]
[White "Iordanidou, Zoi"]
[Black "Zeevi, Neta"]
[Result "1-0"]
[WhiteElo "2005"]
[BlackElo "1719"]
[PlyCount "130"]
[EventDate "2007.09.14"]
[EventType "swiss"]
[EventRounds "9"]
[EventCountry "CRO"]
[Source "lmi"]
[SourceDate "2007.09.14"]

1. e4 e5 2. Nf3 Nc6 3. Bc4 Nf6 4. d3 Be7 5. O-O O-O 6. Re1 d6 7. h3 Na5 8. Nbd2
Re8 9. c3 Nxc4 10. Nxc4 Bf8 11. Bg5 h6 12. Bh4 g5 13. Bg3 Nh5 14. Bh2 Nf4 15.
d4 Qf6 16. Bxf4 gxf4 17. d5 Be7 18. Nh2 Qg6 19. Kh1 Kh7 20. Qf3 f5 21. Nd2 Rg8
22. Rg1 fxe4 23. Nxe4 Bf5 24. Rae1 Bh4 25. Rgf1 c6 26. c4 cxd5 27. cxd5 Rac8
28. Nc3 b5 29. a3 a5 30. Rg1 b4 31. axb4 axb4 32. Nd1 Rc4 33. Qb3 Rd4 34. Nf3
Bc2 35. Qa2 Bxd1 36. Nxd4 Bxf2 37. Rxd1 Bxd4 38. Rxd4 exd4 39. Qa7+ Qg7 40.
Qxg7+ Rxg7 41. Rd1 f3 42. gxf3 Rg3 43. Rd3 Rxh3+ 44. Kg2 Rh5 45. Rxd4 Kg6 46.
f4 b3 47. Kg3 Rf5 48. Rd3 Kf6 49. Kf3 Rh5 50. Ke4 Rh2 51. Rxb3 Re2+ 52. Kd3 Rh2
53. Rb6 Kf5 54. Rxd6 Rxb2 55. Rxh6 Kxf4 56. Kc4 Ke5 57. Re6+ Kf5 58. Kc5 Rc2+
59. Kd6 Rd2 60. Kc6 Ra2 61. Re1 Rc2+ 62. Kd7 Kf6 63. d6 Rd2 64. Rf1+ Ke5 65.
Ke7 Rh2 1-0

[Event "17. Europa ch Juvenil - Femenino s16"]
[Site "Sibenik CRO"]
[Date "2007.09.17"]
[Round "4.1"]
[White "Muzychuk, Mariya"]
[Black "Agrest, Inna"]
[Result "1/2-1/2"]
[WhiteElo "2330"]
[BlackElo "2077"]
[PlyCount "59"]
[EventDate "2007.09.14"]
[EventType "swiss"]
[EventRounds "9"]
[EventCountry "CRO"]
[Source "lmi"]
[SourceDate "2007.09.14"]

1. e4 e5 2. Nf3 Nc6 3. d4 exd4 4. Bb5 Bc5 5. O-O Nge7 6. Nbd2 d6 7. Nb3 Bg4 8.
Bg5 f6 9. Bf4 Ng6 10. Bg3 Nge5 11. Be2 Bxf3 12. Bxf3 Nxf3+ 13. Qxf3 Bb6 14. Kh1
O-O 15. a4 a5 16. Qd3 d5 17. Nd2 Kh8 18. exd5 Nb4 19. Qb3 Nxd5 20. Nc4 Ra6 21.
Rad1 Nb4 22. c3 Nc6 23. cxd4 Nxd4 24. Qa3 Re8 25. Nxb6 Rxb6 26. Qc5 Rb4 27.
Qxa5 Qe7 28. Qxc7 Qxc7 29. Bxc7 Rxa4 30. h3 1/2-1/2

[Event "17. Europa ch Juvenil - Femenino s16"]
[Site "Sibenik CRO"]
[Date "2007.09.17"]
[Round "4.3"]
[White "Hitter, Gabriela"]
[Black "Tsatsalashvili, Keti"]
[Result "0-1"]
[WhiteElo "2083"]
[BlackElo "2181"]
[PlyCount "78"]
[EventDate "2007.09.14"]
[EventType "swiss"]
[EventRounds "9"]
[EventCountry "CRO"]
[Source "lmi"]
[SourceDate "2007.09.14"]

1. e4 c5 2. Nf3 d6 3. d4 cxd4 4. Nxd4 Nf6 5. Nc3 Nc6 6. Bc4 a6 7. O-O Qc7 8.
Bb3 e6 9. Kh1 Be7 10. Be3 O-O 11. Qf3 Bd7 12. Qg3 Nxd4 13. Bxd4 Bc6 14. f3 Rfd8
15. Rfd1 Rd7 16. Rac1 b5 17. Ne2 d5 18. e5 Ne8 19. Nf4 a5 20. c3 Qd8 21. Bc2 g6
22. Ne2 Ng7 23. Be3 Bb7 24. Nd4 Qb8 25. f4 Ba6 26. Bd3 Rc7 27. f5 exf5 28. Bxf5
Bc5 29. Bh3 Bxd4 30. Rxd4 Bc8 31. e6 Bxe6 32. Bxe6 fxe6 33. Rf1 Rc4 34. Qh4
Rxd4 35. cxd4 Qd6 36. Bf4 Rf8 37. Kg1 Qb4 38. Qf2 g5 39. Bd2 Rxf2 0-1

[Event "17. Europa ch Juvenil - Femenino s16"]
[Site "Sibenik CRO"]
[Date "2007.09.17"]
[Round "4.4"]
[White "Khazhomia, Salome"]
[Black "Mnatsakanyan, Diana"]
[Result "1/2-1/2"]
[WhiteElo "2175"]
[BlackElo "1970"]
[PlyCount "86"]
[EventDate "2007.09.14"]
[EventType "swiss"]
[EventRounds "9"]
[EventCountry "CRO"]
[Source "lmi"]
[SourceDate "2007.09.14"]

1. d4 e6 2. c4 b6 3. Nf3 Bb7 4. a3 Nf6 5. Nc3 d5 6. Bg5 Be7 7. e3 O-O 8. Bd3
Nbd7 9. O-O c5 10. cxd5 Nxd5 11. Bxe7 Qxe7 12. Qe2 Rac8 13. Ba6 N7f6 14. Bxb7
Qxb7 15. Rac1 Rfd8 16. dxc5 Nxc3 17. Rxc3 Ne4 18. Rc2 Nxc5 19. Nd4 Qe4 20. Rfc1
e5 21. Nf3 Qf5 22. e4 Qe6 23. b4 Nb3 24. Rxc8 Rxc8 25. Rxc8+ Qxc8 26. Qd1 Nd4
27. Nxe5 Qc7 28. Nd3 h6 29. Qd2 Qc6 30. f3 Nb3 31. Qb2 Qc4 32. Ne5 Qe6 33. Qc3
a5 34. f4 a4 35. Qc4 Qf6 36. g3 g6 37. Qd5 Kg7 38. Qd7 g5 39. Qxa4 gxf4 40.
gxf4 Nd2 41. Qd7 Qxf4 42. Qg4+ Qxg4+ 43. Nxg4 b5 1/2-1/2

[Event "17. Europa ch Juvenil - Femenino s16"]
[Site "Sibenik CRO"]
[Date "2007.09.17"]
[Round "4.5"]
[White "Eric, Jovana"]
[Black "Korchagina, Viktoria"]
[Result "0-1"]
[WhiteElo "2041"]
[BlackElo "2152"]
[PlyCount "76"]
[EventDate "2007.09.14"]
[EventType "swiss"]
[EventRounds "9"]
[EventCountry "CRO"]
[Source "lmi"]
[SourceDate "2007.09.14"]

1. e4 c5 2. Nf3 d6 3. d4 cxd4 4. Qxd4 Nc6 5. Bb5 Bd7 6. Bxc6 Bxc6 7. Nc3 Nf6 8.
Bg5 e6 9. O-O-O Be7 10. Qd3 O-O 11. Nd4 Qa5 12. h4 Rfc8 13. f4 a6 14. Bxf6 Bxf6
15. g4 b5 16. Kb1 Bxd4 17. Qxd4 b4 18. Ne2 d5 19. e5 Bb5 20. Ng3 Rc4 21. Qf2
Rac8 22. Rd2 Qc7 23. Nf1 d4 24. Rh3 a5 25. g5 a4 26. h5 b3 27. axb3 axb3 28.
Rxb3 Ba4 29. Ra3 Bxc2+ 30. Ka2 Qc5 31. Qg2 d3 32. Qf2 Bb1+ 33. Ka1 Qc6 34. Ne3
Rc1 35. Qg2 Qb6 36. Qf2 Rb8 37. Rd1 Bc2+ 38. Ka2 Qxb2# 0-1

[Event "17. Europa ch Juvenil - Femenino s16"]
[Site "Sibenik CRO"]
[Date "2007.09.17"]
[Round "4.6"]
[White "Asgarova, Turan"]
[Black "Warakomska, Anna"]
[Result "0-1"]
[WhiteElo "1989"]
[BlackElo "2133"]
[PlyCount "76"]
[EventDate "2007.09.14"]
[EventType "swiss"]
[EventRounds "9"]
[EventCountry "CRO"]
[Source "lmi"]
[SourceDate "2007.09.14"]

1. e4 c5 2. Nf3 e6 3. c4 Nc6 4. Nc3 e5 5. d3 d6 6. Be2 Be7 7. O-O f5 8. a3 Nf6
9. Bg5 O-O 10. Re1 f4 11. b4 h6 12. Bxf6 Bxf6 13. Nd5 b6 14. h3 Be6 15. Nh2 Nd4
16. Bg4 Bf7 17. bxc5 dxc5 18. a4 g6 19. Nf3 h5 20. Nxd4 hxg4 21. Nb5 gxh3 22.
gxh3 Be6 23. Kh2 Qd7 24. Rg1 Kf7 25. d4 cxd4 26. Ra3 Rh8 27. Qf1 Bxh3 28. Rxh3
Rxh3+ 29. Qxh3 Rh8 30. Qxh8 Bxh8 31. f3 Bf6 32. Ra1 Qd8 33. Nxa7 Qh8+ 34. Kg2
Qh4 35. Rf1 Qg3+ 36. Kh1 Bh4 37. Nc6 Ke6 38. Nd8+ Bxd8 0-1

[Event "17. Europa ch Juvenil - Femenino s16"]
[Site "Sibenik CRO"]
[Date "2007.09.17"]
[Round "4.7"]
[White "Iordanidou, Zoi"]
[Black "Mammadova, Gulnar"]
[Result "1/2-1/2"]
[WhiteElo "2005"]
[BlackElo "2217"]
[PlyCount "83"]
[EventDate "2007.09.14"]
[EventType "swiss"]
[EventRounds "9"]
[EventCountry "CRO"]
[Source "lmi"]
[SourceDate "2007.09.14"]

1. e4 e6 2. d3 d5 3. Nd2 c5 4. g3 g6 5. Bg2 Bg7 6. Ngf3 Nc6 7. O-O Nge7 8. Re1
b6 9. e5 O-O 10. c3 a5 11. Nf1 Ba6 12. h4 h6 13. g4 b5 14. Bf4 Rc8 15. d4 cxd4
16. Nxd4 Nxd4 17. cxd4 Nc6 18. h5 g5 19. Be3 f6 20. exf6 Qxf6 21. Qe2 Kh8 22.
Red1 Nb8 23. Nh2 b4 24. Qd2 Nd7 25. a3 bxa3 26. Rxa3 Nb6 27. b3 a4 28. Qa5 Qe7
29. Raa1 Qb7 30. bxa4 Nc4 31. Qe1 Qd7 32. Bf1 Nxe3 33. Qxe3 Bxf1 34. Rxf1 Rc4
35. Nf3 Qd6 36. Rad1 Rxa4 37. Nh2 Rf4 38. Rde1 Re4 39. Qc3 Raxd4 40. Rxe4 dxe4
41. Qc8+ Kh7 42. Qe8 1/2-1/2

[Event "17. Europa ch Juvenil - Femenino s16"]
[Site "Sibenik CRO"]
[Date "2007.09.17"]
[Round "4.8"]
[White "Repina, Varvara"]
[Black "Parmar, Amisha"]
[Result "1/2-1/2"]
[WhiteElo "2196"]
[BlackElo "2011"]
[PlyCount "56"]
[EventDate "2007.09.14"]
[EventType "swiss"]
[EventRounds "9"]
[EventCountry "CRO"]
[Source "lmi"]
[SourceDate "2007.09.14"]

1. e4 c5 2. Nf3 d6 3. d4 cxd4 4. Nxd4 Nf6 5. f3 e5 6. Nb3 d5 7. Bg5 Be6 8. Bxf6
gxf6 9. exd5 Qxd5 10. Qxd5 Bxd5 11. Bd3 Nc6 12. c3 b6 13. Ke2 Bh6 14. Na3 Ke7
15. Rad1 Be6 16. g4 Bf4 17. Nc2 h5 18. h3 Rh6 19. Be4 Rc8 20. Bxc6 Rxc6 21. Nb4
Rd6 22. Rxd6 Kxd6 23. Rd1+ Kc7 24. Nd3 hxg4 25. Nxf4 gxf3+ 26. Kxf3 exf4 27.
Kxf4 Rxh3 28. Rd2 Rh4+ 1/2-1/2

[Event "17. Europa ch Juvenil - Femenino s16"]
[Site "Sibenik CRO"]
[Date "2007.09.17"]
[Round "4.9"]
[White "Shlakich, Anna"]
[Black "Savola, Laura"]
[Result "1/2-1/2"]
[WhiteElo "2169"]
[BlackElo "2002"]
[PlyCount "110"]
[EventDate "2007.09.14"]
[EventType "swiss"]
[EventRounds "9"]
[EventCountry "CRO"]
[Source "lmi"]
[SourceDate "2007.09.14"]

1. e4 e6 2. d4 d5 3. Nc3 dxe4 4. Nxe4 Bd7 5. Nf3 Bc6 6. Bd3 Nd7 7. Qe2 Ngf6 8.
Bg5 Be7 9. Ned2 Nd5 10. Be3 Nb4 11. O-O Nxd3 12. Qxd3 O-O 13. c4 b6 14. Rfe1
Bb7 15. Bf4 Nf6 16. Qe2 Re8 17. Rad1 Qc8 18. Ne5 c5 19. Ndf3 cxd4 20. a3 Nh5
21. Bc1 f6 22. Nd3 Bxf3 23. Qxf3 g6 24. b3 e5 25. Qd5+ Kh8 26. f4 exf4 27. b4
Qd8 28. Qf7 Bd6 29. c5 bxc5 30. Nxc5 Rxe1+ 31. Rxe1 Be5 32. Bb2 Qd6 33. Ne4 Qb6
34. Nc5 Qd6 35. Ne4 Qf8 36. Qb3 Rd8 37. Nc5 Qg8 38. Qa4 d3 39. Bxe5 fxe5 40.
Qxa7 d2 41. Rd1 Qc4 42. Qe7 Qd4+ 43. Kf1 Ng7 44. Qxg7+ Kxg7 45. Ne6+ Kf6 46.
Nxd4 Rxd4 47. Ke2 e4 48. Rxd2 Rxd2+ 49. Kxd2 g5 50. a4 Ke6 51. a5 Kd7 52. b5
Kc7 53. b6+ Kb7 54. g3 h5 55. gxf4 gxf4 1/2-1/2

[Event "17. Europa ch Juvenil - Femenino s16"]
[Site "Sibenik CRO"]
[Date "2007.09.17"]
[Round "4.10"]
[White "Havlikova, Kristyna"]
[Black "Vetrila, Sanda"]
[Result "1/2-1/2"]
[WhiteElo "2164"]
[BlackElo "1999"]
[PlyCount "70"]
[EventDate "2007.09.14"]
[EventType "swiss"]
[EventRounds "9"]
[EventCountry "CRO"]
[Source "lmi"]
[SourceDate "2007.09.14"]

1. e4 c5 2. Nf3 e6 3. d4 cxd4 4. Nxd4 Nf6 5. Nc3 Nc6 6. Ndb5 Bb4 7. a3 Bxc3+ 8.
Nxc3 d5 9. exd5 exd5 10. Bd3 O-O 11. O-O d4 12. Ne2 Re8 13. Bg5 h6 14. Bh4 g5
15. Bg3 Ne4 16. Bxe4 Rxe4 17. f3 Re7 18. Nc1 Bf5 19. Nd3 Qd5 20. Qd2 Rae8 21.
Rae1 Re3 22. Bf2 Bxd3 23. cxd3 R3e6 24. Re4 f5 25. Rxe6 Rxe6 26. h3 f4 27. Re1
Re3 28. Qc2 Ne5 29. Bxe3 dxe3 30. Kf1 Nxf3 31. gxf3 Qxf3+ 32. Kg1 Qg3+ 33. Kf1
Qf3+ 34. Kg1 Qg3+ 35. Kf1 Qf3+ 1/2-1/2

[Event "17. Europa ch Juvenil - Femenino s16"]
[Site "Sibenik CRO"]
[Date "2007.09.17"]
[Round "4.11"]
[White "Babei, Angelica"]
[Black "Ni, Viktorija"]
[Result "0-1"]
[WhiteElo "1964"]
[BlackElo "2147"]
[PlyCount "106"]
[EventDate "2007.09.14"]
[EventType "swiss"]
[EventRounds "9"]
[EventCountry "CRO"]
[Source "lmi"]
[SourceDate "2007.09.14"]

1. e4 c5 2. d3 e6 3. f4 a6 4. g3 Qc7 5. Bg2 d6 6. Nf3 Nc6 7. O-O Nf6 8. h3 Be7
9. g4 h6 10. c3 Bd7 11. Be3 O-O-O 12. a4 Nh7 13. f5 h5 14. fxe6 Bxe6 15. g5 Qd7
16. h4 f6 17. d4 Bg4 18. Qe1 fxg5 19. hxg5 Rdf8 20. Nbd2 Kb8 21. b4 Bh3 22. Rf2
Qg4 23. Nh2 Rxf2 24. Nxg4 Rxg2+ 25. Kh1 hxg4 26. Nf1 Nf8 27. bxc5 Re2 28. Kg1
Bxf1 29. Kxf1 Rxe3 30. Qxe3 Rh1+ 31. Kg2 Rxa1 32. cxd6 Bxd6 33. e5 Bc7 34. Qf2
Ng6 35. Qf7 Ngxe5 36. Qf8+ Ka7 37. dxe5 Bxe5 38. Qc5+ Kb8 39. Qf8+ Ka7 40. Qc5+
Kb8 41. Qf8+ Kc7 42. Qf7+ Kd6 43. Qf8+ Kd5 44. Qf7+ Kc5 45. Qf2+ Kc4 46. Qf7+
Kxc3 47. Qxb7 Ra2+ 48. Kf1 Ra1+ 49. Kg2 Ra2+ 50. Kf1 Nd4 51. Qxa6 g3 52. Qc8+
Kd3 53. Qg4 Rf2+ 0-1

[Event "17. Europa ch Juvenil - Femenino s16"]
[Site "Sibenik CRO"]
[Date "2007.09.17"]
[Round "4.12"]
[White "Ildzhirinova, Saglara"]
[Black "Golek, Jagoda"]
[Result "0-1"]
[WhiteElo "2106"]
[BlackElo "1990"]
[PlyCount "76"]
[EventDate "2007.09.14"]
[EventType "swiss"]
[EventRounds "9"]
[EventCountry "CRO"]
[Source "lmi"]
[SourceDate "2007.09.14"]

1. e4 d5 2. exd5 Qxd5 3. Nc3 Qa5 4. d4 Nf6 5. Nf3 Bf5 6. Bc4 e6 7. O-O c6 8.
Bf4 Be7 9. h3 Nbd7 10. a3 O-O 11. Bd3 Bg6 12. Re1 Nd5 13. Bxg6 hxg6 14. Bd2 Qb6
15. Rb1 N7f6 16. Ne2 Qa6 17. Ne5 Rad8 18. c4 Nb6 19. Qc2 Nfd7 20. Nxd7 Rxd7 21.
b3 Rfd8 22. Bc3 Bf6 23. Qb2 Nc8 24. Rbd1 Ne7 25. Rd2 b5 26. Qa2 bxc4 27. bxc4
Nf5 28. d5 cxd5 29. Bxf6 gxf6 30. cxd5 Rxd5 31. Rxd5 Rxd5 32. Qb2 Re5 33. Qd2
Qxa3 34. Nf4 Rxe1+ 35. Qxe1 a5 36. Qe4 a4 37. Qa8+ Kg7 38. Qa7 Qc1+ 0-1

[Event "17. Europa ch Juvenil - Femenino s16"]
[Site "Sibenik CRO"]
[Date "2007.09.17"]
[Round "4.13"]
[White "Sikorska, Dorota"]
[Black "Gvilava, Maya"]
[Result "1-0"]
[WhiteElo "1915"]
[BlackElo "2046"]
[PlyCount "93"]
[EventDate "2007.09.14"]
[EventType "swiss"]
[EventRounds "9"]
[EventCountry "CRO"]
[Source "lmi"]
[SourceDate "2007.09.14"]

1. e4 c5 2. Nc3 Nc6 3. g3 g6 4. Bg2 Bg7 5. d3 d6 6. Be3 e5 7. Qd2 Nge7 8. Bh6
O-O 9. h4 Bxh6 10. Qxh6 f6 11. Qd2 b5 12. Nxb5 Rb8 13. c4 a6 14. Nc3 Nd4 15.
Nge2 Nec6 16. O-O Qa5 17. f3 Rf7 18. Rfd1 Rfb7 19. b3 Qd8 20. Rab1 a5 21. Rb2
Bd7 22. Rdb1 Qf8 23. Nc1 Qg7 24. a3 g5 25. h5 g4 26. f4 Nf3+ 27. Bxf3 gxf3 28.
Kf2 Qg4 29. Nd5 Kf7 30. fxe5 Qxh5 31. Qf4 Qh2+ 32. Ke3 Qg1+ 33. Rf2 f5 34. Qg5
Rg8 35. e6+ Bxe6 36. Qf6+ Ke8 37. Qxe6+ Ne7 38. Nf6+ Kf8 39. Nxg8 Qxg3 40. Qf6+
Kxg8 41. Rxf3 Qe1+ 42. Ne2 Qxb1 43. Rg3+ Ng6 44. exf5 Rf7 45. Qe6 Qh1 46. Kd2
Qh6+ 47. Kc2 1-0

[Event "17. Europa ch Juvenil - Femenino s16"]
[Site "Sibenik CRO"]
[Date "2007.09.17"]
[Round "4.14"]
[White "Clopes Llahi, Judit"]
[Black "Forgues, Valerie"]
[Result "0-1"]
[WhiteElo "2020"]
[BlackElo "1983"]
[PlyCount "106"]
[EventDate "2007.09.14"]
[EventType "swiss"]
[EventRounds "9"]
[EventCountry "CRO"]
[Source "lmi"]
[SourceDate "2007.09.14"]

1. e4 e5 2. Nf3 Nc6 3. d4 exd4 4. Nxd4 Bc5 5. Nxc6 Qf6 6. Qf3 dxc6 7. Nd2 Be6
8. Nb3 Bb6 9. Qxf6 Nxf6 10. f3 O-O-O 11. Bd2 Rhe8 12. O-O-O Nd7 13. Bc3 g6 14.
Nd4 Nc5 15. b3 Rd7 16. Nxe6 Rxd1+ 17. Kxd1 Nxe6 18. g3 Rd8+ 19. Kc1 Be3+ 20.
Kb2 Rd1 21. Bg2 Rxh1 22. Bxh1 Bg1 23. h3 Bf2 24. Be5 Bd4+ 25. Bxd4 Nxd4 26. Bg2
Ne2 27. g4 g5 28. Bf1 Nd4 29. f4 gxf4 30. Kc3 Ne6 31. Kd3 Kd7 32. e5 Ng5 33. h4
Nf3 34. g5 Nxh4 35. Ke4 f3 36. Bh3+ Ke7 37. c4 a5 38. a4 f2 39. Ke3 Ng6 40.
Kxf2 Nxe5 41. Bf5 Ng6 42. Ke3 f6 43. gxf6+ Kxf6 44. Bc8 b6 45. Ke4 Ke7 46. Kf5
Kd6 47. Kf6 Nf4 48. Bf5 h5 49. Bc2 Ne6 50. Bd1 h4 51. Kf5 h3 52. Kg4 h2 53. Bf3
Nd4 0-1

[Event "17. Europa ch Juvenil - Femenino s16"]
[Site "Sibenik CRO"]
[Date "2007.09.17"]
[Round "4.16"]
[White "Motycakova, Monika"]
[Black "Kulon, Klaudia"]
[Result "0-1"]
[WhiteElo "1852"]
[BlackElo "2170"]
[PlyCount "42"]
[EventDate "2007.09.14"]
[EventType "swiss"]
[EventRounds "9"]
[EventCountry "CRO"]
[Source "lmi"]
[SourceDate "2007.09.14"]

1. e4 e5 2. Nf3 Nc6 3. Bb5 a6 4. Bxc6 dxc6 5. d4 exd4 6. Qxd4 Qxd4 7. Nxd4 Bd7
8. Be3 O-O-O 9. f3 c5 10. Nb3 b6 11. Kf2 f5 12. exf5 Bxf5 13. c3 Nf6 14. N1d2
Nd5 15. Bg5 Re8 16. Rhe1 Bd6 17. Nc4 Bf4 18. Bxf4 Nxf4 19. Rxe8+ Rxe8 20. g4
Re2+ 21. Kg3 g5 0-1

[Event "17. Europa ch Juvenil - Femenino s16"]
[Site "Sibenik CRO"]
[Date "2007.09.17"]
[Round "4.17"]
[White "Deur, Zrinka"]
[Black "Guadamuro Torrente, Anabel"]
[Result "0-1"]
[WhiteElo "1943"]
[BlackElo "2095"]
[PlyCount "78"]
[EventDate "2007.09.14"]
[EventType "swiss"]
[EventRounds "9"]
[EventCountry "CRO"]
[Source "lmi"]
[SourceDate "2007.09.14"]

1. e4 e5 2. Nf3 Nc6 3. Bb5 Nf6 4. O-O Nxe4 5. Re1 Nd6 6. Nxe5 Be7 7. Nxc6 dxc6
8. Bd3 O-O 9. Nc3 f5 10. b3 Bf6 11. Bb2 Kh8 12. Qf3 Qd7 13. Nd1 Qf7 14. Bxf6
Qxf6 15. Nc3 Bd7 16. a4 a5 17. Re3 Rae8 18. Rae1 Rxe3 19. fxe3 Nf7 20. Qg3 Ne5
21. Be2 c5 22. Rf1 Bc6 23. Bb5 Bxb5 24. Nxb5 c6 25. Nc3 c4 26. Qf4 cxb3 27.
cxb3 Nd3 28. Qc7 Nc5 29. Qb6 Qe7 30. Rf2 h6 31. b4 Nd3 32. Rf1 axb4 33. Na2 c5
34. Qb5 Rd8 35. Nc1 Nxc1 36. Rxc1 Rxd2 37. Qxc5 Qxc5 38. Rxc5 b3 39. Rb5 b2 0-1